| 000 | 00686nam a22002297a 4500 | ||
|---|---|---|---|
| 003 | UA-OsUOA | ||
| 001 | 126919 | ||
| 007 | ta | ||
| 008 | 20171113b un ||||| |||| 00| 0 ukr d | ||
| 090 |
_a82.09(470) _bЧ-56 |
||
| 942 | _cBK | ||
| 040 |
_aUA-OsUOA _brus _cUA-OsUOA _dUA-OsUOA |
||
| 245 |
_aЧеховские чтения в Ялте _bсборник научных трудов _cА. Г. Головачева |
||
| 300 | _a368 с. | ||
| 955 | _a1 | ||
| 041 | _arus | ||
| 080 | _a82.09(470) | ||
| 020 | _a978-966-366-109-4 | ||
| 260 |
_aСимферополь _bДОЛЯ _c2009 |
||
| 650 | 7 |
_a82 Література. Літературознавство _2UDC |
|
| 999 |
_c414076 _d414076 |
||